Statistiche per Top 15 dei paesi con decessi Covid-19 - 9 marzo 2022

Clicka qui per fare il quiz!

Statistiche generali

  • Questo quiz è stato fatto 7 volte
  • Il punteggio medio è 13 su 26

Statistiche sulle risposte

paese% Corretto
Francia
100%
Italia
100%
Russia
100%
Argentina
86%
Brasile
86%
India
86%
Messico
86%
Regno Unito
86%
Stati Uniti
86%
Germania
71%
Polonia
57%
Croazia
43%
Indonesia
43%
Perù
43%
Cechia
29%
Colombia
29%
Iran
29%
Slovacchia
29%
Slovenia
29%
Lituania
14%
Macedonia del Nord
14%
Ungheria
14%
Bosnia ed Erzegovina
0%
Bulgaria
0%
Georgia
0%
Romania
0%

Distribuzione punteggi

Percentile per numero di risposta

Percentuale di utenti per punteggio

I tuoi punteggi nel tempo

Non hai fatto questo quiz